1154 1008 1488 1651 1011 1468 1156 1976 1358 1710 1199 1072 1648 1792 1504 1382 1795 1465 1230 1028 1021 1569 1727 1157 1848 1140 1881 1771 1124 1649 1707 1286 1422 1785 1868 1894 1309 1066 1006 1121 1092 1902 1474 1503 1234 1226 1183 1442 1264 1256 1038 1020 1613 1384 1312 1474 1767 1377 1048 1839 1031 1223 1578 1820 1891 1973 1226 1277 1080 1458 1166 1797 1308 1173 1053 1639 1077 1300 1527 1496 1195 1347 1463 1259 1286 1936 1650 1386 1906 1314 1572 1045 1815 1303 1466 1759 1269 1082 1730 BCNSPRNW ULIB Ver.6.0+V

เปลี่ยนเป็นภาษาไทย

Change to English
 แสดงรายละเอียดบรรณานุกรม
  กลับหน้าหลัก

Brief Record : Get Marc (ISO 2709) : E-mail record : QR code < ปิดหน้าต่าง
LEADER : 00000nam 2200000uu 4500
001    13399120078
003     ULIB
008    100722s2551 th a 000 j tha d
020    ^a9789742589073
090    ^aรส^bด612ผ
100 0  ^aดีเจนภาพร
245 10 ^aผู้หญิงขี้เล่า /^cดีเจนภาพร
250    ^aพิมพ์ครั้งที่ 1
260    ^aกรุงเทพฯ :^bbook show,^c2551
300    ^a208 หน้า :^bภาพประกอบ ;^c21 ซม.
591    ^aLIRV มีพิมพ์ครั้งที่ 2 ปี 2551
650  4 ^aเรื่องสั้น^xรวมเรื่อง
945    ^p0^l0^i15836
995    ^aกัณชพร
999    ^aใช้งานได้ทุกระบบ
รายการนี้ยังไม่มีแท็ก
คุณยังไม่ได้ล็อกอิน คุณสามารถมีกิจกรรมร่วมกับเว็บไซต์ได้ แต่ต้องล็อกอินก่อน ::
  ล็อกอิน

รายการสื่อสารสนเทศ

ลำดับที่ ประเภท เลขเรียก/บาร์โค้ด สถานที่ สถานะ
1. นวนิยาย
นวนิยาย
รส ด612ผ  
  Barcode: 15836
ห้องสมุดวิทยาเขตสวรรค์ประชารักษ์
►นวนิยาย
บนชั้น
  ขอยืม

รายการใกล้เคียง
    ผู้แต่ง [ดีเจนภาพร]

    หัวเรื่อง [เรื่องสั้น รวมเรื่อง]

BibComment


ยังไม่เคยถูกคอมเมนท์

คอมเมนท์ทรัพยากรรายการนี้
  คอมเมนท์: ผู้หญิงขี้เล่า ..


 Copyright 2026. Bcnsprnw @Library